header

Survive bullying at work (Record no. 115629)

MARC details
000 -LEADER
fixed length control field 01275nam a2200325Ia 4500
082 04 - DEWEY DECIMAL CLASSIFICATION NUMBER
Classification number 658.3145
100 1# - MAIN ENTRY--AUTHOR NAME
Personal name Clifford, Lorenza.
245 10 - TITLE STATEMENT
Title Survive bullying at work
260 ## - PUBLICATION, DISTRIBUTION, ETC. (IMPRINT)
Place of publication London :
Name of publisher A. & C. Black,
Year of publication 2006.
300 ## - PHYSICAL DESCRIPTION
Number of Pages vii, 88 p.
490 1# - SERIES STATEMENT
Series statement Steps to success
650 #0 - SUBJECT ADDED ENTRY--TOPICAL TERM
Topical Term Bullying in the workplace.
Topical Term Bullying in the workplace
856 40 - ELECTRONIC LOCATION AND ACCESS
Uniform Resource Identifier http://site.ebrary.com/lib/rucke/Doc?id=10196644

No items available.

© 2026 Rongo University
Contact us: librarian | system librarian | Rongo university